000 00699nam a22002171a 4500
003 OSt
005 20231208154658.0
008 231208b |||||||| |||| 00| 0 eng d
020 _a0564007722
_c0.00
040 _aNEGST Library - Kenya
_cNEGST Library - Kenya
_dNEGST Library - Kenya
050 _aBS 325
_b.K396 1974
130 _aBible. Kikamba. 1974.
_955780
245 _aMaandiko matheu ma Ngai metawa Mbivilia
_h[Text]
260 _aNairobi, Kenya
_bBible Society of Kenya
_cc1974
300 _a1081 p.;
500 _a[Africana]
650 _aKamba language
_vTexts.
_955781
942 _2lcc
_cAFR(R)
999 _c43653
_d43629